Quiz The Vampire Diaries (saison 6) - Statistiques

Statistiques générales
  • Ce quiz a été pris 65 fois
  • Le résultat moyen est 16 sur 22
Statistiques - réponses
Question Réponse % Correct
Épisode 6 : qu'arrive-t-il à Alaric lorsqu'il passe la frontière et que Jo réussit à le sauver in extremis ? Il redevient humain.
98%
Épisode 1 : pour quelle raison plus aucun être surnaturel ne peut entrer dans Mystic Falls ? Le sort des voyageurs empêche tout être surnaturel d'y rentrer.
98%
Épisode 2 : qui tue la petite amie de Stefan ? Enzo
96%
Épisode 3 : qui Damon et Bonnie rencontrent-ils alors qu'ils sont bloqués en 1994 ? Kai
96%
Épisode 14 : qui quitte Mystic Falls ? Jeremy
87%
Épisode 12 : quel est le "duo" qui a finalement fusionné ? Luke et Kai
87%
Épisode 19 : sur quoi Stefan compte-t-il pour faire revenir l'humanité de Caroline ? Une lettre de sa mère
87%
Épisode 15 : qui est la femme que Bonnie a vue avant de rentrer chez elle, alors qu'elle était en 1903 ? La mère des Salvatore
85%
Épisode 8 : lors de quelle "occasion" Jo réalise-t-elle que Liv et Luke sont ses frère et sœur ? Thanksgiving
85%
Épisode 18 : qu'accepte de donner Damon à sa mère si cette dernière fait revenir Stefan à la raison ? L'ascendant
80%
Épisode 7 : qui a enlevé la mère de Caroline ? Les acolytes de Tripp
78%
Épisode 5 : à quel endroit Stefan voit-il Damon, de retour ? Au caveau de ses ancêtres
76%
Épisode 16 : que propose Caroline à Stefan afin de sauver Sarah ? D'éteindre son humanité
76%
Épisode 11 : quel est l'objet que fait fondre Kai lorsqu'il retient Elena captive ? Sa bague
75%
Épisode 22 : où est entreposé le cercueil d'Elena ? Dans la crypte Salvatore
71%
Épisode 17 : que donne Bonnie à Damon ? Le remède contre le vampirisme
65%
Épisode 20 : quelles filles sont présentes à l'enterrement de vie de jeune fille de Jo ? Bonnie et Elena
64%
Épisode 21 : à quel endroit Kai poignarde-t-il Jo ? Au ventre
60%
Épisode 10 : qui annonce à Caroline que sa mère est malade ? Stefan
56%
Épisode 13 : où se rendent Enzo et Matt ? Duke
49%
Épisode 9 : combien de temps ont Damon et Elena lorsqu'ils sont envoyés en 1994 ? 8 h
36%
Épisode 4 : qui avoue à Elena qu'Alaric a effacé ses souvenirs ? Stefan
36%
Aucun quiz correspondant
Distribution des résultats
% des personnes avec chaque résultat
Percentile par nombre de réponses
Votre historique - résultats
Vous n’avez pas pris ce quiz